000 01033nam2a22002411 4500
001 rc\150133
005 20250621061217.0
035 _a(NLR Aleph) 005614377
090 _a6442326
_c6442326
100 _a20030307d1992 |||y0rusy50 ca
101 0 _arus
102 _aRU
105 _ay |||||||||
200 1 _aТема Достоевского
210 _d1992
_aБ. м.
215 _a66 с.
461 0 _1001rc\150131
_12001#$aРусская религиозная философия в "пути"$fА.И. Маилов$gВысш. гуманит. курсы. Филос. шк.$vВып. 2
_1700#1$aМаилов$bА.И.$gАнатолий Ильич
_96442309
_aМаилов, А.И.
_cСПб.
_d1992
_fА.И. Маилов
_nИзд-во ВГК
_tРусская религиозная философия в "пути"
_vВып. 2
600 1 _aДостоевский
_bФ.М.
_gФедор Михайлович
_f1821-1881
_2psbo
801 0 _aRU
_bNLR
_gpsbo
801 1 _aRU
_bELAR
_2rusmarc
852 _aNLR
_j97-4/2326
942 _cBOOK
980 _aNB